<?xml version="1.0" encoding="UTF-8"?>
<record
    xmlns:xsi="http://www.w3.org/2001/XMLSchema-instance"
    xsi:schemaLocation="http://www.loc.gov/MARC21/slim http://www.loc.gov/standards/marcxml/schema/MARC21slim.xsd"
    xmlns="http://www.loc.gov/MARC21/slim">

  <leader>00761nam a22001817a 4500</leader>
  <datafield tag="999" ind1=" " ind2=" ">
    <subfield code="c">59412</subfield>
    <subfield code="d">59412</subfield>
  </datafield>
  <controlfield tag="003">Ge_BSU</controlfield>
  <controlfield tag="005">20230213142246.0</controlfield>
  <controlfield tag="008">230213s2006    ge ||||| |||| 00| 0 geo d</controlfield>
  <datafield tag="041" ind1=" " ind2=" ">
    <subfield code="a">geo</subfield>
  </datafield>
  <datafield tag="080" ind1=" " ind2=" ">
    <subfield code="a">343.211.3 &#x10DD;-99</subfield>
  </datafield>
  <datafield tag="245" ind1=" " ind2=" ">
    <subfield code="a">&#x10DD;&#x10EF;&#x10D0;&#x10EE;&#x10E3;&#x10E0;&#x10D8; &#x10EB;&#x10D0;&#x10DA;&#x10D0;&#x10D3;&#x10DD;&#x10D1;&#x10D0; &#x10E5;&#x10D0;&#x10DA;&#x10D4;&#x10D1;&#x10D8;&#x10E1;&#x10D0; &#x10D3;&#x10D0; &#x10D2;&#x10DD;&#x10D2;&#x10DD;&#x10DC;&#x10D4;&#x10D1;&#x10D8;&#x10E1; &#x10EC;&#x10D8;&#x10DC;&#x10D0;&#x10D0;&#x10E6;&#x10DB;&#x10D3;&#x10D4;&#x10D2; /</subfield>
    <subfield code="c">&#x10E0;&#x10D4;&#x10D3;. &#x10EE;&#x10D0;&#x10D7;&#x10E3;&#x10DC;&#x10D0; &#x10E7;&#x10D5;&#x10D8;&#x10E0;&#x10D0;&#x10DA;&#x10D0;&#x10E8;&#x10D5;&#x10D8;&#x10DA;&#x10D8;.</subfield>
  </datafield>
  <datafield tag="264" ind1=" " ind2=" ">
    <subfield code="a">[&#x10D7;&#x10D1;&#x10D8;&#x10DA;&#x10D8;&#x10E1;&#x10D8;],</subfield>
    <subfield code="c">2008.</subfield>
  </datafield>
  <datafield tag="300" ind1=" " ind2=" ">
    <subfield code="a">111 &#x10D2;&#x10D5;.;</subfield>
    <subfield code="b">21 &#x10E1;&#x10DB;.</subfield>
  </datafield>
  <datafield tag="653" ind1=" " ind2=" ">
    <subfield code="a">&#x10EB;&#x10D0;&#x10DA;&#x10D0;&#x10D3;&#x10DD;&#x10D1;&#x10D0; &#x10DD;&#x10EF;&#x10D0;&#x10EE;&#x10E8;&#x10D8;</subfield>
  </datafield>
  <datafield tag="653" ind1=" " ind2=" ">
    <subfield code="a">&#x10E1;&#x10D0;&#x10DB;&#x10D0;&#x10E0;&#x10D7;&#x10D0;&#x10DA;&#x10D8;</subfield>
  </datafield>
  <datafield tag="700" ind1=" " ind2=" ">
    <subfield code="a"> &#x10E7;&#x10D5;&#x10D8;&#x10E0;&#x10D0;&#x10DA;&#x10D0;&#x10E8;&#x10D5;&#x10D8;&#x10DA;&#x10D8;, &#x10EE;&#x10D0;&#x10D7;&#x10E3;&#x10DC;&#x10D0;</subfield>
    <subfield code="e">&#x10E0;&#x10D4;&#x10D3;&#x10D0;&#x10E5;&#x10E2;&#x10DD;&#x10E0;&#x10D8;</subfield>
    <subfield code="9">16899</subfield>
  </datafield>
  <datafield tag="942" ind1=" " ind2=" ">
    <subfield code="2">udc</subfield>
    <subfield code="c">BK</subfield>
  </datafield>
  <datafield tag="952" ind1=" " ind2=" ">
    <subfield code="0">0</subfield>
    <subfield code="1">0</subfield>
    <subfield code="2">udc</subfield>
    <subfield code="4">0</subfield>
    <subfield code="6">3432113_&#x10DD;99</subfield>
    <subfield code="7">0</subfield>
    <subfield code="9">93721</subfield>
    <subfield code="a">CPL</subfield>
    <subfield code="b">CPL</subfield>
    <subfield code="c">GEN</subfield>
    <subfield code="d">2023-02-13</subfield>
    <subfield code="g">5.00</subfield>
    <subfield code="o">343.211.3 &#x10DD;-99</subfield>
    <subfield code="p">63751</subfield>
    <subfield code="r">2023-02-13</subfield>
    <subfield code="t">63751</subfield>
    <subfield code="w">2023-02-13</subfield>
    <subfield code="y">BK</subfield>
    <subfield code="z">5 &#x10DA;.</subfield>
  </datafield>
  <datafield tag="952" ind1=" " ind2=" ">
    <subfield code="0">0</subfield>
    <subfield code="1">0</subfield>
    <subfield code="2">udc</subfield>
    <subfield code="4">0</subfield>
    <subfield code="6">3432113_&#x10DD;99</subfield>
    <subfield code="7">0</subfield>
    <subfield code="9">93722</subfield>
    <subfield code="a">CPL</subfield>
    <subfield code="b">CPL</subfield>
    <subfield code="c">GEN</subfield>
    <subfield code="d">2023-02-13</subfield>
    <subfield code="g">5.00</subfield>
    <subfield code="o">343.211.3 &#x10DD;-99</subfield>
    <subfield code="p">63752</subfield>
    <subfield code="r">2023-02-13</subfield>
    <subfield code="t">63752</subfield>
    <subfield code="w">2023-02-13</subfield>
    <subfield code="y">BK</subfield>
    <subfield code="z">5 &#x10DA;.</subfield>
  </datafield>
</record>
